[Event "FRA-chT4 1516"]
[Site "Champagne Ardenne"]
[Date "2016.04.03"]
[Round "7"]
[White "Gevorgyan, Ruben"]
[Black "Regnier, Cedric"]
[Result "1/2-1/2"]
[WhiteElo "1399"]
[BlackElo "1587"]
[PlyCount "150"]
[EventDate "2015.12.06"]
[EventType "team-tourn"]
[EventRounds "7"]
[EventCountry "FRA"]
[SourceTitle "EXT 2024"]
[Source "ChessBase"]
[SourceDate "2023.10.10"]
[SourceVersion "1"]
[SourceVersionDate "2023.10.10"]
[SourceQuality "1"]

1. e4 c6 2. d4 d5 3. exd5 cxd5 4. Nf3 Nc6 5. Bf4 Nf6 6. Nc3 Bg4 7. Bb5 e6 8. 0-0 Bd6 9. Bxd6 Qxd6 10. Re1 0-0 11. Be2 Qb4 12. Rb1 Bxf3 13. Bxf3 Qxd4 14. Qe2 Qb6 15. g4 Nd4 16. Qd3 Nxf3+ 17. Qxf3 Qd4 18. h3 Qd2 19. Re2 Qg5 20. Kg2 h5 21. h4 Qxg4+ 22. Qxg4 Nxg4 23. f3 Nf6 24. Re5 a6 25. Ne2 Rac8 26. c3 g6 27. Kh3 Rc4 28. Rg1 b5 29. b4 Nd7 30. Rxh5 Nb6 31. Rhg5 Kh7 32. h5 Rg8 33. Rh1 Na4 34. Rc1 f6 35. hxg6+ Rxg6 36. Rxg6 Kxg6 37. Rg1+ Kh6 38. Rc1 e5 39. Kg3 Nb6 40. f4 Rc7 41. Kg4 Nc4 42. Kf5 Rf7 43. Ke6 Kg7 44. Kxd5 Rd7+ 45. Ke6 Rd2 46. fxe5 Rxe2 47. Rg1+ Kf8 48. Kxf6 Rxe5 49. Rg4 Re2 50. Rd4 Rf2+ 51. Ke6 Rxa2 52. Rf4+ Kg7 53. Rg4+ Kh6 54. Rg3 Na3 55. Kf7 Nb1 56. Kf6 Rf2+ 57. Ke6 Kh5 58. Kd6 Rc2 59. Rg1 Nxc3 60. Ra1 Na4 61. Kd5 Rc4 62. Rxa4 bxa4 63. Kxc4 a3 64. Kb3 a2 65. Kxa2 Kg6 66. Kb3 Kf6 67. Ka4 Ke7 68. Ka5 Kd7 69. Kxa6 Kc7 70. b5 Kb8 71. b6 Ka8 72. Kb5 Kb8 73. Kc6 Kc8 74. Kb5 Kb8 75. Ka6 Ka8 1/2-1/2